|
|
|
|
| LEADER |
00000nam0a2200000 4500 |
| 001 |
279135 |
| 005 |
20231101235200.0 |
| 020 |
|
|
|a RU
|b 85-20365
|
| 035 |
|
|
|a (RuTPU)RU\TPU\book\302413
|
| 090 |
|
|
|a 279135
|
| 100 |
|
|
|a 20141217d1985 k y0rusy5003 ca
|
| 101 |
0 |
|
|a rus
|
| 102 |
|
|
|a RU
|
| 105 |
|
|
|a a z 001zy
|
| 200 |
1 |
|
|a Глобальные тектонические закономерности нефти газонакопления
|e сборник статей
|f Академия наук СССР (АН СССР), Институт геологии и разработки горючих ископаемых (ИГиРГИ) ; отв. ред. В. Е. Хаин
|
| 210 |
|
|
|a Москва
|c Наука
|d 1985
|
| 215 |
|
|
|a 236 с.
|c ил., карт., 1 л. ил.
|
| 320 |
|
|
|a Библиография в конце статей
|
| 606 |
1 |
|
|a Нефтегазоносность древних платформ
|x Тектонические условия
|2 stltpush
|3 (RuTPU)RU\TPU\subj\45624
|9 64817
|
| 610 |
1 |
|
|a нефтеносные районы
|
| 610 |
1 |
|
|a газоносные районы
|
| 610 |
1 |
|
|a тектоника
|
| 610 |
1 |
|
|a нефтегазонакопление
|
| 610 |
1 |
|
|a складчатые области
|
| 610 |
1 |
|
|a орогенные области
|
| 610 |
1 |
|
|a континенты
|
| 610 |
1 |
|
|a Мировой океан
|
| 610 |
1 |
|
|a глубоководные зоны
|
| 610 |
1 |
|
|a окраины
|
| 610 |
1 |
|
|a нефтегеологическое районирование
|
| 675 |
|
|
|a 553.98.041:551.24
|z rus
|v 4
|
| 702 |
|
1 |
|a Хаин
|b В. Е.
|g Виктор Ефимович
|4 340
|
| 712 |
0 |
2 |
|a Академия наук СССР (АН СССР)
|b Институт геологии и разработки горючих ископаемых (ИГиРГИ)
|c (Москва)
|c (1958-????)
|2 stltpush
|3 (RuTPU)RU\TPU\col\13483
|
| 801 |
|
0 |
|a RU
|b RuMRKP
|c 19950704
|g psbo
|
| 801 |
|
1 |
|a RU
|b 63413507
|c 20141217
|
| 801 |
|
2 |
|a RU
|b 63413507
|c 20180129
|g RCR
|
| 942 |
|
|
|c BK
|